Statistics for U.S. State... or a U.S. State Capital? #1

Click here to take the quiz!

General Stats

  • This quiz has been taken 37 times
  • The average score is 29 of 32

Answer Stats

QuestionTileSelect% Correct
the U.S. statesBostonNo
100%
the U.S. statesJeffersonNo
100%
the U.S. statesLincolnNo
100%
the U.S. statesMontpelierNo
100%
the U.S. statesOlympiaNo
100%
the U.S. statesPierreNo
100%
the U.S. statesJefferson CityNo
97%
the U.S. state capitalsAlabamaNo
94%
the U.S. state capitalsGeorgiaNo
94%
the U.S. state capitalsIowaNo
94%
the U.S. statesMaineYes
94%
the U.S. state capitalsMarylandNo
94%
the U.S. statesMassachusettsYes
94%
the U.S. statesMissouriYes
94%
the U.S. statesOhioYes
94%
the U.S. statesUtahYes
94%
the U.S. state capitalsKentuckyNo
91%
the U.S. statesMontanaYes
91%
the U.S. state capitalsNew JerseyNo
91%
the U.S. state capitalsNew MexicoNo
91%
the U.S. statesOregonYes
91%
the U.S. statesSouth DakotaYes
91%
the U.S. statesWashingtonYes
91%
the U.S. state capitalsAnnapolisYes
88%
the U.S. state capitalsBoiseYes
84%
the U.S. state capitalsCarson CityYes
84%
the U.S. state capitalsConcordYes
84%
the U.S. state capitalsHelenaYes
84%
the U.S. state capitalsHonoluluYes
84%
the U.S. state capitalsDenverYes
81%
the U.S. state capitalsSaint PaulYes
81%
the U.S. state capitalsAtlantaYes
78%

Score Distribution

Percentile by Number Answered

Percent of People with Each Score

Your Score History

You have not taken this quiz